|
|
|
|
| LEADER |
01633nam a2200361 a 4500 |
| 001 |
EBC866368 |
| 003 |
MiAaPQ |
| 005 |
20200520144314.0 |
| 006 |
m o d | |
| 007 |
cr cn||||||||| |
| 008 |
110927s2012 enkad sb 001 0 eng d |
| 010 |
|
|
|z 2011036096
|
| 020 |
|
|
|z 9781409440376 (pbk. alk. paper)
|
| 020 |
|
|
|a 9781409440383 (electronic bk.)
|
| 035 |
|
|
|a (MiAaPQ)EBC866368
|
| 035 |
|
|
|a (Au-PeEL)EBL866368
|
| 035 |
|
|
|a (CaPaEBR)ebr10534207
|
| 035 |
|
|
|a (CaONFJC)MIL348011
|
| 035 |
|
|
|a (OCoLC)778376744
|
| 040 |
|
|
|a MiAaPQ
|c MiAaPQ
|d MiAaPQ
|
| 050 |
|
4 |
|a Q223
|b .C536 2012
|
| 082 |
0 |
4 |
|a 501/.4
|2 23
|
| 100 |
1 |
|
|a Clare, John.
|
| 245 |
1 |
0 |
|a Communicating clearly about science and medicine
|h [electronic resource] :
|b making data presentations as simple as possible ... but no simpler /
|c John Clare.
|
| 260 |
|
|
|a Farnham, Surrey, England :
|b Gower,
|c c2012.
|
| 300 |
|
|
|a xviii, 184 p. :
|b ill.
|
| 504 |
|
|
|a Includes bibliographical references and index.
|
| 505 |
0 |
|
|a Science communication in the 21st century -- The seven challenges of communicating science -- Preparing your talk -- Illustrating your talk -- The performance : delivering your talk -- Medicine and science in the media -- Media interview techniques -- Every interaction counts.
|
| 533 |
|
|
|a Electronic reproduction. Ann Arbor, MI : ProQuest, 2015. Available via World Wide Web. Access may be limited to ProQuest affiliated libraries.
|
| 650 |
|
0 |
|a Communication in science.
|
| 655 |
|
4 |
|a Electronic books.
|
| 710 |
2 |
|
|a ProQuest (Firm)
|
| 856 |
4 |
0 |
|u https://ebookcentral.proquest.com/lib/matrademy/detail.action?docID=866368
|z Click to View
|